| 000 | 01226cam a22003497a 4500 | ||
|---|---|---|---|
| 001 | 16723949 | ||
| 003 | OSt | ||
| 005 | 20231017132555.0 | ||
| 008 | 110406s2012 maua 001 0 eng d | ||
| 010 | _a 2011926935 | ||
| 020 | _a97811114580735 | ||
| 020 | _a1111580731 | ||
| 035 | _a(OCoLC)ocn826735140 | ||
| 040 |
_aCNCEN _cCNCEN _dOCLCO _dBTCTA _dYDXCP _dDLC |
||
| 042 | _alccopycat | ||
| 050 | 0 | 0 |
_aTA340 _b.T76 2012 |
| 082 | _a519 TSO 2012. | ||
| 100 | 1 |
_aTsokos, Chris P. _916749 |
|
| 245 | 1 | 0 | _aProbability for Engineering, Mathematics, and Science |
| 260 |
_aBoston; _bBrooks, _cc2012. |
||
| 300 |
_axiv, 587 p. : _bill. ; _c24 cm. |
||
| 500 | _aIncludes index. | ||
| 650 | 0 |
_aEngineering _916750 |
|
| 650 | 0 |
_aProbabilities. _92821 |
|
| 650 | 0 |
_aSciences _94174 |
|
| 856 | 4 | 2 |
_3Publisher description _uhttp://www.loc.gov/catdir/enhancements/fy1402/2011926935-d.html |
| 856 | 4 | 1 |
_3Table of contents only _uhttp://www.loc.gov/catdir/enhancements/fy1402/2011926935-t.html |
| 906 |
_a7 _bcbc _ccopycat _d3 _encip _f20 _gy-gencatlg |
||
| 942 |
_2ddc _cB_BANK |
||
| 999 |
_c8209 _d8209 |
||